[Event "Warsaw Maciei Memorial"]
[Site "Warsaw"]
[Date "2025.07.07"]
[Round "2"]
[White "Zawadzka, Jolanta"]
[Black "Krzyzanowski, Marcin"]
[Result "0-1"]
[WhiteElo "2330"]
[BlackElo "2489"]
[PlyCount "74"]
[EventDate "2025.07.07"]
[EventType "swiss (blitz)"]
[EventRounds "11"]
[EventCountry "POL"]
[SourceTitle "CB28_2025"]
[SourceDate "2025.07.09"]
[SourceVersion "1"]
[SourceVersionDate "2025.07.09"]
[SourceQuality "1"]

1. e4 c5 2. Nf3 d6 3. Bb5+ Bd7 4. Bxd7+ Qxd7 5. 0-0 Nc6 6. c3 Nf6 7. Re1 e6 8. d4 cxd4 9. cxd4 d5 10. e5 Ng8 11. Nc3 Nge7 12. Be3 Nf5 13. Rc1 Be7 14. Ne2 h5 15. Bg5 f6 16. exf6 gxf6 17. Bh4 Nxh4 18. Nxh4 Bb4 19. Nc3 0-0-0 20. Ng6 Rh6 21. Nf4 Re8 22. Qd2 Rh7 23. Nd3 Bf8 24. Na4 Kb8 25. Nac5 Qd6 26. b4 Nxd4 27. Nxb7 Rxb7 28. Nc5 e5 29. Nxb7 Kxb7 30. Rc5 Qd7 31. Rcc1 Bd6 32. Rb1 Rg8 33. Kh1 h4 34. f4 h3 35. g3 Qg4 36. Qf2 Qf5 37. Rf1 Qe4+ 0-1

[Event "Katowice rapid op"]
[Site "Katowice"]
[Date "2025.05.31"]
[Round "6"]
[White "Nakonechnyi, Oleksii"]
[Black "Zawadzka, Jolanta"]
[Result "1/2-1/2"]
[WhiteElo "2108"]
[BlackElo "2264"]
[PlyCount "188"]
[EventDate "2025.05.31"]
[EventType "swiss"]
[EventRounds "11"]
[EventCountry "POL"]
[SourceTitle "CB24_2025"]
[SourceDate "2025.06.11"]
[SourceVersion "1"]
[SourceVersionDate "2025.06.11"]
[SourceQuality "1"]

1. Nf3 d5 2. c4 e6 3. e3 Nf6 4. b3 b6 5. Bb2 Bb7 6. Be2 Nbd7 7. 0-0 Bd6 8. d4 0-0 9. Nbd2 a5 10. a3 Ne4 11. Nxe4 dxe4 12. Nd2 Qh4 13. g3 Qh6 14. Qc2 f5 15. Qc3 c5 16. b4 cxb4 17. axb4 Bxb4 18. Qc2 Rac8 19. Nb3 f4 20. exf4 Bd6 21. Qc1 Rf6 22. Qe3 Qh3 23. g4 Rh6 24. Qg3 g5 25. Bc1 Rf8 26. f3 gxf4 27. Qxh3 Rxh3 28. Kg2 exf3+ 29. Bxf3 Rxf3 30. Rxf3 Bxf3+ 31. Kxf3 e5 32. c5 bxc5 33. dxc5 Nxc5 34. Nxc5 Bxc5 35. Rxa5 e4+ 36. Kxe4 f3 37. Rxc5 f2 38. Rg5+ Kf7 39. Rf5+ Ke8 40. Re5+ Kd7 41. Rd5+ Kc6 42. Rd1 f1Q 43. Rxf1 Rxf1 44. Bf4 Kd7 45. Kf5 Ke7 46. h4 Kf7 47. h5 Kg7 48. Ke4 Kf6 49. Be3 Re1 50. Kf4 Rb1 51. Ke4 Rb4+ 52. Kf3 Ke5 53. Bd2 Rb3+ 54. Be3 Ra3 55. g5 Kf5 56. g6 hxg6 57. hxg6 Kxg6 58. Ke4 Kf6 59. Bd4+ Ke6 60. Be3 Ra4+ 61. Kd3 Kd5 62. Bd2 Ra3+ 63. Bc3 Kc5 64. Kd2 Kc4 65. Bf6 Rf3 66. Bg7 Rf2+ 67. Ke3 Rg2 68. Be5 Kd5 69. Bf6 Rg3+ 70. Kf4 Rg1 71. Ke3 Rg4 72. Kf3 Ra4 73. Ke3 Ke6 74. Bb2 Kf5 75. Bh8 Re4+ 76. Kd3 Rh4 77. Bb2 Ke6 78. Bd4 Kd5 79. Bf6 Rh3+ 80. Kd2 Ke4 81. Bg7 Rd3+ 82. Kc2 Rg3 83. Bf6 Kd5 84. Kd2 Kc4 85. Ke2 Rb3 86. Bg7 Kd5 87. Kd2 Ke4 88. Kc2 Rg3 89. Bh8 Rg2+ 90. Kc3 Kd5 91. Kd3 Rg3+ 92. Kd2 Ke4 93. Kc2 Rh3 94. Bg7 Rg3 1/2-1/2

[Event "Katowice rapid op"]
[Site "Katowice"]
[Date "2025.05.31"]
[Round "4"]
[White "Ochedzan, Filip"]
[Black "Zawadzka, Jolanta"]
[Result "0-1"]
[WhiteElo "1928"]
[BlackElo "2264"]
[PlyCount "76"]
[EventDate "2025.05.31"]
[EventType "swiss"]
[EventRounds "11"]
[EventCountry "POL"]
[SourceTitle "CB24_2025"]
[SourceDate "2025.06.11"]
[SourceVersion "1"]
[SourceVersionDate "2025.06.11"]
[SourceQuality "1"]

1. e4 c5 2. Nf3 Nc6 3. d4 cxd4 4. Nxd4 e5 5. Nb5 d6 6. N5c3 Nf6 7. Na3 Be7 8. Nc4 a6 9. Ne3 Be6 10. Bd3 0-0 11. 0-0 b5 12. a4 Nd4 13. Ncd5 Rb8 14. c3 Nc6 15. axb5 axb5 16. b4 Qd7 17. Qe2 Qb7 18. Nxe7+ Nxe7 19. Ra5 Nxe4 20. Bb2 Bd7 21. Rfa1 Nc8 22. Nc2 d5 23. f3 Ned6 24. Qxe5 Nc4 25. Bxc4 dxc4 26. Nd4 Re8 27. Qc5 Qb6 28. Qxb6 Rxb6 29. Bc1 h6 30. Kf2 Ne7 31. Ra6 Nd5 32. Rxb6 Nxb6 33. Ra7 Rd8 34. Rb7 Nd5 35. Bd2 Be8 36. Ke2 g5 37. Nxb5 Bc6 38. Nd4 Bxb7 0-1

[Event "EU-ch (Women) 25th"]
[Site "Rhodes"]
[Date "2025.04.09"]
[Round "9"]
[White "Jarocka, Liwia"]
[Black "Zawadzka, Jolanta"]
[Result "0-1"]
[WhiteElo "2231"]
[BlackElo "2335"]
[PlyCount "102"]
[EventDate "2025.03.31"]
[EventType "swiss"]
[EventRounds "11"]
[EventCountry "GRE"]
[SourceTitle "CB16_2025"]
[SourceDate "2025.04.16"]
[SourceVersion "1"]
[SourceVersionDate "2025.04.16"]
[SourceQuality "1"]

1. e4 c5 2. Nf3 e6 3. d4 cxd4 4. Nxd4 Nc6 5. Nc3 a6 6. Nxc6 bxc6 7. Bd3 d5 8. 0-0 Nf6 9. Qf3 Be7 10. Qg3 0-0 11. e5 Ne8 12. Ne2 g6 13. f4 Ng7 14. b3 a5 15. Kh1 c5 16. c4 a4 17. Rb1 axb3 18. axb3 Ba6 19. cxd5 Qxd5 20. Bxa6 Rxa6 21. Qc3 Rd8 22. Be3 Nf5 23. Bf2 Ra2 24. Qe1 Rc2 25. Ng3 Nxg3+ 26. hxg3 Ra8 27. Qe3 Rd2 28. Ra1 Rxa1 29. Rxa1 Rd3 30. Qe2 Qxb3 31. g4 Qd5 32. Be1 Bh4 33. Qxd3 Qxd3 34. Bxh4 Qd5 35. Rb1 f5 36. Rb8+ Kf7 37. Rd8 Qc6 38. Rh8 g5 39. Bxg5 fxg4 40. Rxh7+ Kg6 41. Rh6+ Kf5 42. Rf6+ Ke4 43. f5 Qa4 44. fxe6 Qa1+ 45. Kh2 Qxe5+ 46. Rf4+ Kd3 47. e7 Qxg5 48. e8Q Qxf4+ 49. g3 Qf2+ 50. Kh1 Qf1+ 51. Kh2 Qe2+ 0-1

[Event "EU-ch (Women) 25th"]
[Site "Rhodes"]
[Date "2025.04.08"]
[Round "8"]
[White "Zawadzka, Jolanta"]
[Black "Schneider, Jana"]
[Result "1/2-1/2"]
[WhiteElo "2335"]
[BlackElo "2265"]
[PlyCount "72"]
[EventDate "2025.03.31"]
[EventType "swiss"]
[EventRounds "11"]
[EventCountry "GRE"]
[SourceTitle "CB16_2025"]
[SourceDate "2025.04.16"]
[SourceVersion "1"]
[SourceVersionDate "2025.04.16"]
[SourceQuality "1"]

1. e4 e5 2. Nf3 Nc6 3. Bb5 a6 4. Ba4 Nf6 5. 0-0 Be7 6. d3 d6 7. c3 0-0 8. Re1 Re8 9. Nbd2 Bf8 10. h3 b5 11. Bb3 Na5 12. Bc2 c5 13. d4 cxd4 14. cxd4 exd4 15. Nxd4 Bb7 16. b3 Nc6 17. Nxc6 Bxc6 18. Bb2 Rc8 19. Qf3 Nd7 20. Rad1 Qg5 21. Nf1 d5 22. h4 Qxh4 23. exd5 Rxe1 24. Rxe1 Bxd5 25. Bxh7+ Qxh7 26. Qxd5 Nc5 27. Re3 Qc2 28. Qh5 Rc6 29. Rf3 Rg6 30. Bd4 Ne6 31. Be3 Bc5 32. Bd2 Qe4 33. Qf5 Qxf5 34. Rxf5 Rg4 35. g3 Re4 36. Ne3 Rd4 1/2-1/2

[Event "EU-ch (Women) 25th"]
[Site "Rhodes"]
[Date "2025.04.03"]
[Round "4"]
[White "Zawadzka, Jolanta"]
[Black "Rodshtein, Tereza"]
[Result "1/2-1/2"]
[WhiteElo "2335"]
[BlackElo "2163"]
[PlyCount "71"]
[EventDate "2025.03.31"]
[EventType "swiss"]
[EventRounds "11"]
[EventCountry "GRE"]
[SourceTitle "CB16_2025"]
[SourceDate "2025.04.16"]
[SourceVersion "1"]
[SourceVersionDate "2025.04.16"]
[SourceQuality "1"]

1. Nf3 Nf6 2. c4 c5 3. Nc3 d5 4. cxd5 Nxd5 5. e4 Nb4 6. Bb5+ N8c6 7. d3 a6 8. Bxc6+ Nxc6 9. Be3 e5 10. 0-0 Bd6 11. Rc1 0-0 12. Nd2 Be6 13. a3 Rc8 14. Ne2 Kh8 15. Nc4 Nd4 16. Bxd4 exd4 17. Nxd6 Qxd6 18. f4 f5 19. Ng3 b5 20. Qe2 h6 21. exf5 Bxf5 22. b4 c4 23. Nxf5 Rxf5 24. dxc4 bxc4 25. Rxc4 Rxc4 26. Qxc4 Rxf4 27. Rd1 Qe5 28. h3 Qe3+ 29. Kh2 Qe5 30. Kh1 Rf6 31. a4 Qe4 32. Qd3 Qd5 33. Rc1 Rf8 34. b5 axb5 35. axb5 Qf5 36. Qxd4 1/2-1/2

[Event "Wroclaw POL-ROW (Women)"]
[Site "Wroclaw"]
[Date "2025.03.12"]
[Round "3.3"]
[White "Wagner, Dinara"]
[Black "Zawadzka, Jolanta"]
[Result "0-1"]
[WhiteElo "2440"]
[BlackElo "2326"]
[PlyCount "240"]
[EventDate "2025.03.10"]
[EventType "schev"]
[EventRounds "5"]
[EventCountry "POL"]
[SourceTitle "CB12_2025"]
[SourceDate "2025.03.19"]
[SourceVersion "1"]
[SourceVersionDate "2025.03.19"]
[SourceQuality "1"]
[WhiteTeam "World"]
[BlackTeam "Poland"]
[BlackTeamCountry "POL"]

1. d4 Nf6 2. c4 g6 3. Nc3 Bg7 4. e4 d6 5. Nf3 0-0 6. Be2 e5 7. d5 a5 8. Nd2 Nfd7 9. g4 f5 10. gxf5 gxf5 11. exf5 Nc5 12. Nde4 Nxe4 13. Nxe4 Bxf5 14. Ng3 Qh4 15. Nxf5 Rxf5 16. Be3 Bh6 17. Qd3 Rf7 18. Rg1+ Kh8 19. Rg4 Qxh2 20. Kd2 Nd7 21. Bxh6 Qxh6+ 22. Qe3 Qxe3+ 23. fxe3 Rg8 24. Rxg8+ Kxg8 25. Bd3 Rf2+ 26. Kc3 Nf6 27. a3 e4 28. Bc2 Re2 29. Bxe4 Nxe4+ 30. Kd3 Rxb2 31. Kxe4 Rg2 32. Rc1 b6 33. Kf5 Kf7 34. Rh1 Rf2+ 35. Ke4 Kg7 36. Rg1+ Kh8 37. Rh1 Rf6 38. Kd4 Kg7 39. e4 Rg6 40. Rh5 Rg4 41. Rf5 Kg6 42. Rf8 h5 43. Ke3 Rg3+ 44. Kf4 Rc3 45. Rg8+ Kf6 46. Rh8 Rxc4 47. Rxh5 Rc3 48. Rh7 b5 49. Rd7 a4 50. Rh7 Rxa3 51. Rxc7 Ra1 52. Rd7 Rf1+ 53. Ke3 a3 54. Rxd6+ Kf7 55. Rd7+ Kg6 56. Ra7 b4 57. d6 Rd1 58. d7 Rxd7 59. Rxd7 b3 60. Rb7 a2 61. Ra7 b2 62. Rxa2 b1Q 63. Rf2 Qe1+ 64. Re2 Qc3+ 65. Kf4 Qd4 66. Ra2 Qd6+ 67. Ke3 Qb6+ 68. Kf4 Qc7+ 69. Ke3 Qc1+ 70. Kd4 Qg1+ 71. Ke5 Qf1 72. Rc2 Qf6+ 73. Kd5 Qd8+ 74. Ke5 Qe8+ 75. Kd4 Qa4+ 76. Rc4 Qd7+ 77. Ke5 Qe8+ 78. Kd4 Kf6 79. Rc5 Qa4+ 80. Kd5 Qd1+ 81. Kc4 Ke6 82. e5 Qa4+ 83. Kd3 Qb4 84. Rc4 Qb3+ 85. Kd4 Qd1+ 86. Kc3 Kxe5 87. Rc5+ Ke4 88. Kb4 Qb1+ 89. Ka5 Qb7 90. Rb5 Qa7+ 91. Kb4 Kd4 92. Kb3 Qa6 93. Rb4+ Kd3 94. Kb2 Qc6 95. Rb3+ Kd2 96. Ka2 Qa4+ 97. Kb2 Qa5 98. Kb1 Qf5+ 99. Kb2 Qe5+ 100. Kb1 Qe4+ 101. Kb2 Qa4 102. Rb8 Qd4+ 103. Kb1 Qe4+ 104. Ka2 Qd5+ 105. Kb1 Qf5+ 106. Ka2 Qf7+ 107. Kb1 Qg6+ 108. Ka2 Qf7+ 109. Kb1 Qf5+ 110. Ka2 Kc1 111. Rb4 Qd5+ 112. Ka3 Kc2 113. Rc4+ Kd3 114. Rc1 Qa5+ 115. Kb3 Qb5+ 116. Ka2 Qa4+ 117. Kb1 Kd2 118. Rg1 Qb5+ 119. Ka2 Qa6+ 120. Kb1 Qb6+ 0-1

[Event "EU-ch Rapid"]
[Site "Skopje"]
[Date "2024.12.08"]
[Round "9"]
[White "Kozul, Zdenko"]
[Black "Zawadzka, Jolanta"]
[Result "1-0"]
[WhiteElo "2519"]
[BlackElo "2331"]
[PlyCount "87"]
[EventDate "2024.12.07"]
[EventType "swiss (rapid)"]
[EventRounds "11"]
[EventCountry "MKD"]
[SourceTitle "CB50_2024"]
[SourceDate "2024.11.01"]
[SourceVersion "1"]
[SourceVersionDate "2024.11.01"]
[SourceQuality "2"]

1. d4 d5 2. c4 e6 3. Nf3 Nf6 4. g3 Bb4+ 5. Bd2 Be7 6. Bg2 0-0 7. 0-0 c6 8. Qc2 b6 9. Bf4 Nbd7 10. h4 Bb7 11. cxd5 cxd5 12. Nc3 Rc8 13. Qb3 Nb8 14. Rfc1 Nc6 15. Qd1 Ne4 16. a3 Bd6 17. e3 Bxf4 18. exf4 Nd6 19. Bf1 Rc7 20. Bd3 g6 21. Qe2 Na5 22. Re1 Qf6 23. h5 Nb3 24. Rad1 Nf5 25. Nb5 Nbxd4 26. Nfxd4 Nxd4 27. Nxd4 Qxd4 28. hxg6 hxg6 29. Bxg6 Qg7 30. Bb1 Rc4 31. Qh5 Rxf4 32. Re5 f5 33. Rxe6 Rg4 34. Ba2 Rg5 35. Qe2 Kh7 36. Bxd5 Bxd5 37. Rxd5 Rf7 38. Kg2 Rg4 39. Qd3 Rg5 40. Qb1 Rh5 41. Qd1 Rg5 42. Qh1+ Kg8 43. Qh4 Rf8 44. Rd7 1-0

[Event "EU-ch Rapid"]
[Site "Skopje"]
[Date "2024.12.07"]
[Round "5"]
[White "Alonso Rosell, Alvar"]
[Black "Zawadzka, Jolanta"]
[Result "1-0"]
[WhiteElo "2532"]
[BlackElo "2331"]
[PlyCount "51"]
[EventDate "2024.12.07"]
[EventType "swiss (rapid)"]
[EventRounds "11"]
[EventCountry "MKD"]
[SourceTitle "CB50_2024"]
[SourceDate "2024.11.01"]
[SourceVersion "1"]
[SourceVersionDate "2024.11.01"]
[SourceQuality "2"]

1. d4 d5 2. Nf3 Nf6 3. e3 c6 4. h3 e6 5. Bd3 Nbd7 6. b3 Bd6 7. Bb2 Qc7 8. c4 0-0 9. Nbd2 Re8 10. Qc2 h6 11. c5 Bf8 12. g4 b6 13. g5 Nh5 14. gxh6 bxc5 15. hxg7 Bxg7 16. Rg1 Kf8 17. Be2 Nhf6 18. Ne5 Bh8 19. 0-0-0 a5 20. Ndf3 Ne4 21. Nxd7+ Bxd7 22. Ng5 Nxg5 23. Qxc5+ Re7 24. Rxg5 Bf6 25. Rg3 a4 26. Rdg1 1-0

[Event "EU-ch Rapid"]
[Site "Skopje"]
[Date "2024.12.07"]
[Round "2"]
[White "Zawadzka, Jolanta"]
[Black "Van Foreest, Jorden"]
[Result "0-1"]
[WhiteElo "2331"]
[BlackElo "2677"]
[PlyCount "74"]
[EventDate "2024.12.07"]
[EventType "swiss (rapid)"]
[EventRounds "11"]
[EventCountry "MKD"]
[SourceTitle "CB50_2024"]
[SourceDate "2024.11.01"]
[SourceVersion "1"]
[SourceVersionDate "2024.11.01"]
[SourceQuality "2"]

1. e4 c6 2. d4 d5 3. Nd2 dxe4 4. Nxe4 Nf6 5. Nxf6+ exf6 6. c3 Bd6 7. Bd3 0-0 8. Ne2 Re8 9. 0-0 Nd7 10. Bf4 Nf8 11. Bxd6 Qxd6 12. Qd2 Ng6 13. Rae1 Be6 14. Bb1 Rad8 15. b3 c5 16. Rd1 Bg4 17. f3 Be6 18. Rfe1 b5 19. Kh1 Qc7 20. Qc2 Rd5 21. Ng3 cxd4 22. cxd4 Qb6 23. Qf2 Red8 24. Ne2 b4 25. Rc1 R5d6 26. Red1 Ne7 27. Qh4 h6 28. Qe4 g6 29. Qe3 Kg7 30. h3 Nc6 31. f4 Nxd4 32. Nxd4 Rxd4 33. Rxd4 Rxd4 34. Qg3 Qd6 35. Rf1 Bd5 36. Qf2 Bb7 37. f5 Rd2 0-1

[Event "European Corporate"]
[Site "Asnieres sur Seine"]
[Date "2024.11.22"]
[Round "2.2"]
[White "Zawadzka, Jolanta"]
[Black "Rusev, Krasimir"]
[Result "1/2-1/2"]
[WhiteElo "2330"]
[BlackElo "2478"]
[PlyCount "148"]
[EventDate "2024.11.22"]
[EventType "team-swiss"]
[EventRounds "9"]
[EventCountry "FRA"]
[SourceTitle "CB48_2024"]
[SourceDate "2024.11.28"]
[SourceVersion "1"]
[SourceVersionDate "2024.11.28"]
[SourceQuality "1"]
[WhiteTeam "Probit"]
[BlackTeam "Agrofert"]
[WhiteTeamCountry "POL"]
[BlackTeamCountry "BUL"]

1. e4 c5 2. Nf3 d6 3. Bb5+ Bd7 4. Bxd7+ Nxd7 5. 0-0 Ngf6 6. Qe2 e6 7. Rd1 Rc8 8. d4 cxd4 9. Nxd4 a6 10. c4 Qc7 11. b3 Be7 12. Bb2 0-0 13. Nc3 Rfe8 14. Rac1 Bf8 15. h3 Qb8 16. Rc2 d5 17. Nf3 dxc4 18. bxc4 Nb6 19. e5 Nfd7 20. Ne4 Rc6 21. Nd4 Rcc8 22. f4 Nc5 23. Nb3 Nxe4 24. Qxe4 Na4 25. Bd4 Red8 26. Rb1 Qc7 27. Kh1 b5 28. c5 Qc6 29. Qxc6 Rxc6 30. Bf2 Rdc8 31. Rd1 R6c7 32. Rdc1 Be7 33. c6 Kf8 34. Nd4 g6 35. Be1 Ba3 36. Rb1 Ke8 37. Ba5 Ra7 38. Nb3 Be7 39. c7 b4 40. Rd1 Rb7 41. Rcd2 Rbxc7 42. Bxc7 Rxc7 43. Re1 Nc3 44. g3 Nd5 45. Kg2 Rc3 46. Rc1 h5 47. Kf2 Kd7 48. Rdc2 h4 49. Rxc3 bxc3 50. Kf3 hxg3 51. Kxg3 Ba3 52. Rc2 Bb2 53. Kf3 Nb4 54. Nd4 Nxc2 55. Nxc2 Kc6 56. Ke4 Kc5 57. Ne3 Bc1 58. Nc2 Bd2 59. Nd4 Kc4 60. Nc2 Bc1 61. Na1 a5 62. Nc2 a4 63. Na1 Bxf4 64. Kxf4 Kd3 65. Kg5 c2 66. Nxc2 Kxc2 67. Kf6 Kb2 68. Kxf7 Kxa2 69. Kxe6 Kb3 70. Kf7 a3 71. e6 a2 72. e7 a1Q 73. e8Q Qf1+ 74. Kxg6 Qxh3 1/2-1/2

[Event "POL-chT Ekstraliga"]
[Site "Walbrzych"]
[Date "2024.10.15"]
[Round "9.18"]
[White "Zawadzka, Jolanta"]
[Black "Narva, Mai"]
[Result "1/2-1/2"]
[WhiteElo "2349"]
[BlackElo "2415"]
[PlyCount "71"]
[EventDate "2024.10.07"]
[EventType "team-tourn"]
[EventRounds "9"]
[EventCountry "POL"]
[SourceTitle "CB42_2024"]
[Source "ChessBase"]
[SourceDate "2024.10.16"]
[SourceVersion "1"]
[SourceVersionDate "2024.10.16"]
[SourceQuality "1"]
[WhiteTeam "Wroclaw Polonia"]
[BlackTeam "Raciborz Silesia"]
[WhiteTeamCountry "POL"]
[BlackTeamCountry "POL"]

1. e4 e5 2. Nf3 Nc6 3. Nc3 Nf6 4. d4 exd4 5. Nxd4 Bb4 6. Nxc6 bxc6 7. Bd3 0-0 8. 0-0 d5 9. exd5 cxd5 10. Bg5 c6 11. Qf3 Bd6 12. Rae1 Rb8 13. Nd1 h6 14. Bxf6 Qxf6 15. Qxf6 gxf6 16. b3 a5 17. Ne3 a4 18. Nf5 Bxf5 19. Bxf5 a3 20. Re2 Rfd8 21. g3 Bb4 22. Rd1 c5 23. Kg2 Kf8 24. Kf3 Bc3 25. Bh3 c4 26. bxc4 d4 27. c5 f5 28. Bxf5 Rd5 29. Bd3 Rxc5 30. g4 Rb2 31. Ra1 Rc6 32. h4 Rbb6 33. Rh1 Rb2 34. Ra1 Rbb6 35. Rh1 Rb2 36. Ke4 1/2-1/2

[Event "POL-chT Ekstraliga"]
[Site "Walbrzych"]
[Date "2024.10.14"]
[Round "8.24"]
[White "Kiolbasa, Oliwia"]
[Black "Zawadzka, Jolanta"]
[Result "1-0"]
[WhiteElo "2351"]
[BlackElo "2349"]
[PlyCount "137"]
[EventDate "2024.10.07"]
[EventType "team-tourn"]
[EventRounds "9"]
[EventCountry "POL"]
[SourceTitle "CB42_2024"]
[Source "ChessBase"]
[SourceDate "2024.10.16"]
[SourceVersion "1"]
[SourceVersionDate "2024.10.16"]
[SourceQuality "1"]
[WhiteTeam "Bydgoszcz Energia Gwiazda"]
[BlackTeam "Wroclaw Polonia"]
[WhiteTeamCountry "POL"]
[BlackTeamCountry "POL"]

1. e4 c6 2. d4 d5 3. f3 dxe4 4. fxe4 e5 5. Nf3 Bg4 6. c3 Nd7 7. Bd3 Bd6 8. 0-0 Ngf6 9. Na3 Qc7 10. Nc4 0-0-0 11. Be3 Rhe8 12. h3 Bh5 13. Qc2 Bg6 14. Nfd2 Bf8 15. a4 Nh5 16. Rf3 Kb8 17. a5 h6 18. Re1 Be7 19. dxe5 Nxe5 20. Nxe5 Qxe5 21. g4 Ka8 22. gxh5 Bxh5 23. Nc4 Qe6 24. Ref1 Qg6+ 25. Kh1 Bxf3+ 26. Rxf3 Qh5 27. Be2 Bc5 28. Bf4 Qh4 29. b4 g5 30. Bc7 Rd7 31. bxc5 Rxc7 32. Nd6 Re5 33. Qd3 a6 34. Nxf7 Re8 35. Nd6 Rg8 36. Rg3 Qf4 37. Rf3 Qc1+ 38. Rf1 Qa3 39. Qc4 Rd8 40. e5 Qxa5 41. e6 Re7 42. Nf5 Ree8 43. Bh5 Rxe6 44. Qxe6 Qxc3 45. Bf3 Qxc5 46. Nxh6 Rd2 47. Bg2 Ka7 48. Ng4 a5 49. Nf6 Qc2 50. Qe3+ Ka6 51. Be4 Qb2 52. Rb1 Qd4 53. Qb3 Qb4 54. Qxb4 axb4 55. Rxb4 Rd6 56. Ne8 Rh6 57. Kg2 b5 58. Ng7 Rh4 59. Nf5 Rf4 60. Ng3 c5 61. Rb1 b4 62. Rf1 Rh4 63. Rf5 c4 64. Rxg5 b3 65. Rg4 Rh8 66. Bd5 b2 67. Bxc4+ Ka5 68. Rg5+ Ka4 69. Rb5 1-0

[Event "Warsaw Najdorf Memorial op-A"]
[Site "Warsaw"]
[Date "2024.07.12"]
[Round "4"]
[White "Zawadzka, Jolanta"]
[Black "Rekuc, Patryk"]
[Result "1-0"]
[WhiteElo "2349"]
[BlackElo "2107"]
[PlyCount "165"]
[EventDate "2024.07.09"]
[EventType "swiss"]
[EventRounds "9"]
[EventCountry "POL"]
[SourceTitle "EXT 2025"]
[Source "ChessBase"]
[SourceDate "2024.10.14"]
[SourceVersion "1"]
[SourceVersionDate "2024.10.14"]
[SourceQuality "1"]

1. e4 c5 2. Nf3 d6 3. d4 cxd4 4. Qxd4 Nc6 5. Bb5 a6 6. Bxc6+ bxc6 7. 0-0 e5 8. Qa4 Qc7 9. c4 Nf6 10. c5 Bg4 11. Be3 dxc5 12. Nbd2 Nd7 13. Rfc1 Be7 14. h3 Be6 15. Nb3 Qb6 16. Nfd2 0-0 17. Na5 Qb5 18. Qa3 Rfe8 19. Qc3 Rec8 20. Ndc4 Qb8 21. Rc2 h6 22. Rd1 Qc7 23. Rcd2 Rab8 24. Nd6 Rd8 25. Nac4 Bxd6 26. Rxd6 Nb6 27. Qxe5 Nxc4 28. Rxd8+ Rxd8 29. Qxc7 Rxd1+ 30. Kh2 Nxe3 31. fxe3 Rd2 32. Qb8+ Kh7 33. a4 Re2 34. Qb6 Rxe3 35. Qxa6 Rxe4 36. Qxc6 Rb4 37. a5 Rxb2 38. a6 Rd2 39. Qe4+ g6 40. a7 Bd5 41. Qxd5 Rxd5 42. a8Q Rf5 43. Qc6 Kg7 44. Qd6 g5 45. Qd3 Rf6 46. Qc3 c4 47. Qxc4 Re6 48. Kg3 Kg8 49. Kg4 Kg7 50. Qd4+ Kg8 51. Kf5 Rg6 52. g3 Re6 53. Qd8+ Kg7 54. Qd4+ Kg8 55. h4 gxh4 56. gxh4 Rg6 57. h5 Re6 58. Qd7 Kg7 59. Qd8 Ra6 60. Qd4+ Kg8 61. Qd8+ Kg7 62. Ke5 Re6+ 63. Kd5 Re1 64. Qh4 Re6 65. Kc5 Kg8 66. Kb5 Kg7 67. Qg3+ Kh7 68. Qf4 Kg7 69. Qb8 Re3 70. Kc6 Rc3+ 71. Kd5 Re3 72. Qb2+ Kg8 73. Kd6 Rd3+ 74. Kc6 Re3 75. Qd4 Re6+ 76. Kd7 Kh7 77. Qc5 Kg8 78. Qc8+ Kg7 79. Qb8 Re3 80. Qb2+ Kg8 81. Qg2+ Kh7 82. Qf2 Rd3+ 83. Ke7 1-0

[Event "Warsaw Najdorf Memorial op-A"]
[Site "Warsaw"]
[Date "2024.07.10"]
[Round "2"]
[White "Zawadzka, Jolanta"]
[Black "Lecki, Leonard"]
[Result "1-0"]
[WhiteElo "2349"]
[BlackElo "2026"]
[PlyCount "58"]
[EventDate "2024.07.09"]
[EventType "swiss"]
[EventRounds "9"]
[EventCountry "POL"]
[SourceTitle "EXT 2025"]
[Source "ChessBase"]
[SourceDate "2024.10.14"]
[SourceVersion "1"]
[SourceVersionDate "2024.10.14"]
[SourceQuality "1"]

1. c4 e5 2. g3 Nf6 3. Bg2 c6 4. Nf3 e4 5. Nd4 d5 6. cxd5 cxd5 7. 0-0 Nc6 8. Nxc6 bxc6 9. d3 exd3 10. Qxd3 Be7 11. b3 0-0 12. Bb2 a5 13. Nc3 Ba6 14. Qc2 Re8 15. Rfd1 Ng4 16. e3 Bd6 17. Rac1 Qg5 18. Na4 Bxg3 19. hxg3 Qh6 20. Rd3 Rxe3 21. Nc5 Rxg3 22. fxg3 Qh2+ 23. Kf1 Ne3+ 24. Kf2 Nxg2 25. Nxa6 Re8 26. Kf3 Qh5+ 27. Kxg2 Re2+ 28. Kf1 Rxc2 29. Rxc2 Qh1+ 1-0

[Event "EU-ch (Women) 24th"]
[Site "Rhodes"]
[Date "2024.04.27"]
[Round "8"]
[White "Gajcin, Marina"]
[Black "Zawadzka, Jolanta"]
[Result "1/2-1/2"]
[WhiteElo "2224"]
[BlackElo "2351"]
[PlyCount "159"]
[EventDate "2024.04.19"]
[EventType "swiss"]
[EventRounds "10"]
[EventCountry "GRE"]
[SourceTitle "CBM 219 Extra"]
[Source "ChessBase"]
[SourceDate "2024.05.31"]
[SourceVersion "1"]
[SourceVersionDate "2024.05.31"]
[SourceQuality "1"]

1. e4 e5 2. Nf3 Nc6 3. Bc4 Nf6 4. d3 h6 5. 0-0 Bc5 6. c3 d6 7. a4 a6 8. Nbd2 Ba7 9. Re1 g5 10. Nf1 g4 11. N3d2 h5 12. Nb1 h4 13. Be3 Nh5 14. d4 Qf6 15. Bd5 Ne7 16. Qd2 Qg7 17. dxe5 Bxe3 18. Rxe3 dxe5 19. Na3 g3 20. fxg3 hxg3 21. hxg3 Nf6 22. g4 Nfxd5 23. exd5 Bxg4 24. Nc4 f6 25. d6 0-0-0 26. Rd3 Ng6 27. Rg3 f5 28. Re1 e4 29. Qd5 Rd7 30. Qc5 Kb8 31. dxc7+ Rxc7 32. Qd6 Ka7 33. Nce3 Qh7 34. Qd4+ Kb8 35. Qd6 Ka8 36. Nd5 Rc6 37. Nb6+ Rxb6 38. Qxb6 Nf4 39. Qd6 Ne2+ 40. Rxe2 Bxe2 41. Rh3 Qg7 42. Rxh8+ Qxh8 43. Ne3 Bg4 44. Nd5 Qg8 45. Nf6 Qb3 46. Qf8+ Ka7 47. Qc5+ Ka8 48. Nd5 f4 49. Qf8+ Ka7 50. Qc5+ Ka8 51. a5 Qd1+ 52. Kh2 Kb8 53. Qf8+ Bc8 54. Qd6+ Ka7 55. Qc5+ Kb8 56. Qc7+ Ka7 57. Nxf4 Qg4 58. Qc5+ Ka8 59. Qe3 Qf5 60. b4 Bd7 61. Kg1 Bc6 62. Qd2 Qg5 63. Qe3 Qg4 64. Ne2 Bb5 65. Nf4 Bc6 66. Kh2 Qh4+ 67. Nh3 Bd7 68. Qg3 Qe7 69. Qe3 Qh4 70. Kg1 Bc6 71. Nf2 Qe7 72. Nd3 Qd6 73. Nf4 Qd1+ 74. Kh2 Qg4 75. Ne2 Bb5 76. Ng3 Bc6 77. Qh6 Ka7 78. Qe3+ Ka8 79. Qh6 Ka7 80. Qe3+ 1/2-1/2

[Event "EU-ch (Women) 24th"]
[Site "Rhodes"]
[Date "2024.04.26"]
[Round "7"]
[White "Zawadzka, Jolanta"]
[Black "Ciolacu, Alessia Mihaela"]
[Result "1/2-1/2"]
[WhiteElo "2351"]
[BlackElo "2188"]
[PlyCount "80"]
[EventDate "2024.04.19"]
[EventType "swiss"]
[EventRounds "10"]
[EventCountry "GRE"]
[SourceTitle "CBM 219 Extra"]
[Source "ChessBase"]
[SourceDate "2024.05.31"]
[SourceVersion "1"]
[SourceVersionDate "2024.05.31"]
[SourceQuality "1"]

1. c4 e6 2. Nc3 d5 3. d4 Nf6 4. Nf3 Nbd7 5. cxd5 exd5 6. Bf4 c6 7. Qc2 Be7 8. h3 Nf8 9. e3 Ne6 10. Bh2 g6 11. Bd3 Ng7 12. 0-0-0 Bf5 13. g4 Bxd3 14. Qxd3 Ne6 15. Ne5 Ng5 16. Qe2 Bb4 17. h4 Ne6 18. f3 Bxc3 19. bxc3 Qa5 20. Qb2 Rc8 21. Kb1 0-0 22. g5 Nh5 23. Ng4 f6 24. gxf6 Nxf6 25. Bd6 Nxg4 26. Bxf8 Nxe3 27. Rde1 Nc4 28. Bb4 Qb6 29. Qc1 a5 30. Rxe6 axb4 31. cxb4 Qxd4 32. Rhe1 Qd3+ 33. Ka1 Qd4+ 34. Kb1 Ra8 35. Re8+ Rxe8 36. Rxe8+ Kf7 37. Rb8 Qd3+ 38. Ka1 Qd4+ 39. Kb1 Qd3+ 40. Ka1 Qd4+ 1/2-1/2